000 01255nam a2200325 a 4500
001 ebr10479651
003 CaPaEBR
006 m u
007 cr cn|||||||||
008 010828s2002 enk sb 001 0 eng d
010 _z 2001005311
020 _z0745316387 (hardback)
020 _z0745316379 (pbk)
020 _z9780745316383
020 _z9781849640916 (e-book)
040 _aCaPaEBR
_cCaPaEBR
035 _a(OCoLC)654104783
050 1 4 _aHD75
_b.P376 2002eb
082 0 4 _a306.3
_221
100 1 _aParfitt, Trevor W.,
_d1954-
245 1 4 _aThe end of development?
_h[electronic resource] :
_bmodernity, post-modernity and development /
_cTrevor Parfitt.
260 _aLondon ;
_aSterling, Va. :
_bPluto Press,
_c2002.
300 _aix, 177 p.
504 _aIncludes bibliographical references (p. 165-170) and index.
533 _aElectronic reproduction.
_bPalo Alto, Calif. :
_cebrary,
_d2013.
_nAvailable via World Wide Web.
_nAccess may be limited to ebrary affiliated libraries.
650 0 _aDevelopment economics.
655 7 _aElectronic books.
_2local
710 2 _aebrary, Inc.
856 4 0 _uhttp://site.ebrary.com/lib/rucke/Doc?id=10479651
_zAn electronic book accessible through the World Wide Web; click to view
999 _c117580
_d117580